000 00617nam a2200193Ia 4500
003 GCL
008 140319s9999 xx 000 0 ara d
040 _aGCL /
_cGCL
082 0 4 _a621.36
_bف ا
100 1 _aفرانسيس ا. جيكينيز
245 1 0 _aاساسيات البصريات /
_cفرانسيس ا. جيكينيز
700 1 _aهارفى ا. هوايت
700 1 _aعبدالفتاح احمد الشاذلى
260 _a[S.N] :
_bالدار الدولية للنشر والتوزيع ،
_c1992
300 _a950 ص
490 _a
650 0 4 _aهندسة البصريات
942 _2ddc
_cBK
999 _c46965
_d46965